| Tag |
First Indicator |
Second Indicator |
Subfields |
| LEADER |
00000cam a2200000 4500 |
| 001 |
in00000034851 |
| 005 |
20151007063423.0 |
| 008 |
720727s1960 nyu 00000 eng u |
| 010 |
|
|
|a 60013873
|
| 035 |
|
|
|a (OCoLC)00366604
|
| 035 |
|
|
|9 AAD7365AM
|
| 040 |
|
|
|c WSU
|d TXA
|d UtOrBLW
|
| 049 |
|
|
|a TXAM
|c [326811]
|
| 050 |
0 |
0 |
|a PR6029.C33
|b Z64
|
| 092 |
|
|
|a 822
|b O15Yh
|
| 100 |
1 |
|
|a Hogan, Robert Goode,
|d 1930-
|
| 245 |
1 |
4 |
|a The experiments of Sean O'Casey.
|
| 264 |
|
1 |
|a New York :
|b St. Martin's Press,
|c [1960]
|
| 300 |
|
|
|a 215 pages ;
|c 22 cm.
|
| 336 |
|
|
|a text
|b txt
|2 rdacontent
|
| 337 |
|
|
|a unmediated
|b n
|2 rdamedia
|
| 338 |
|
|
|a volume
|b nc
|2 rdacarrier
|
| 600 |
1 |
0 |
|a O'Casey, Sean,
|d 1880-1964.
|
| 999 |
|
|
|a MARS
|
| 999 |
f |
f |
|s 4383beba-9966-37b1-b02b-838159626a94
|i 372f415f-049c-3358-8b28-0b2a35ffefe5
|t 0
|
| 952 |
f |
f |
|p ric
|a Texas A&M University
|b Rellis Campus
|c Joint Library Facility
|d Remote Storage
|t 0
|e PR6029.C33 Z64
|h Library of Congress classification
|i unmediated -- volume
|m A14801299023
|
| 998 |
f |
f |
|a PR6029.C33 Z64
|t 0
|l Remote Storage
|